000 00587nam a2200181Ia 4500
003 GCL
008 140319s9999 xx 000 0 ara d
040 _aGCL /
_cGCL
082 0 4 _a813.03
_bج ك
100 1 _aجابر عبدالسلام هلال
245 1 0 _aكل رجال الرئيس قصة الممر الذهبى وصراع الدول الكبرى حتى تقوم الساعة /
_cجابر عبدالسلام هلال
300 _a191 ص
490 _a
650 0 4 _aالادب العربى
650 0 4 _aالقصص العربية
650 0 4 _aالحرب
942 _2ddc
_cBK
999 _c45091
_d45091